[Event "Como Province-ch"]
[Site "Erba"]
[Date "2015.01.24"]
[Round "4"]
[White "Paone, Mario"]
[Black "Primerano, Carlo"]
[Result "0-1"]
[WhiteElo "1440"]
[BlackElo "1706"]
[PlyCount "122"]
[EventDate "2015.01.17"]
[EventType "swiss"]
[EventRounds "6"]
[EventCountry "ITA"]
[SourceTitle "EXT 2017"]
[Source "ChessBase"]
[SourceDate "2016.10.25"]
[SourceVersion "1"]
[SourceVersionDate "2016.10.25"]
[SourceQuality "1"]

1. d4 e6 2. g3 f5 3. Bg2 Nf6 4. Nf3 d5 5. Bg5 Be7 6. 0-0 0-0 7. Bxf6 Bxf6 8. e3 c6 9. Nbd2 Nd7 10. Rc1 e5 11. dxe5 Nxe5 12. c3 Bd7 13. Nxe5 Bxe5 14. b3 Qa5 15. Qc2 Qc7 16. c4 d4 17. exd4 Bxd4 18. Nf3 Bf6 19. Rcd1 Rad8 20. Rd2 f4 21. Rfd1 fxg3 22. hxg3 Bc8 23. c5 Rxd2 24. Rxd2 Rd8 25. Qd1 Rxd2 26. Qxd2 Qd7 27. Bf1 Qxd2 28. Nxd2 Bd4 29. Bc4+ Kf8 30. Ne4 Ke7 31. Kf1 b6 32. cxb6 axb6 33. a4 Bf5 34. Nd2 Kd6 35. Ke2 Kc5 36. f3 Kb4 37. Ne4 Bg6 38. Kd3 Be5 39. g4 b5 40. axb5 cxb5 41. Be6 h5 42. gxh5 Bxh5 43. Ke2 Be8 44. Ke3 Ka3 45. f4 Bb2 46. f5 Bh5 47. Nf2 b4 48. Kd3 Bf6 49. Kc2 Bf3 50. Nd3 Bg4 51. Nf2 Bf3 52. Nd3 Be4 53. Kd2 Bd4 54. Ke2 Bg2 55. Nf4 Bc6 56. Nd3 Bc3 57. Nf4 Kb2 58. Nd3+ Kc2 59. Ne1+ Bxe1 60. Kxe1 Be4 61. Ke2 Kc3 0-1

[Event "Como Province-ch"]
[Site "Erba"]
[Date "2015.01.18"]
[Round "2"]
[White "Mauri, Agostino"]
[Black "Paone, Mario"]
[Result "1-0"]
[WhiteElo "1572"]
[BlackElo "1440"]
[PlyCount "97"]
[EventDate "2015.01.17"]
[EventType "swiss"]
[EventRounds "6"]
[EventCountry "ITA"]
[SourceTitle "EXT 2017"]
[Source "ChessBase"]
[SourceDate "2016.10.25"]
[SourceVersion "1"]
[SourceVersionDate "2016.10.25"]
[SourceQuality "1"]

1. d4 d5 2. c4 dxc4 3. Nc3 e6 4. e4 b6 5. Bxc4 Bb7 6. Nge2 Nf6 7. f3 c5 8. Be3 cxd4 9. Qxd4 Be7 10. Rd1 0-0 11. Qxd8 Rxd8 12. 0-0 Nc6 13. a3 Ne5 14. Ba2 Ba6 15. b4 Nc4 16. Bc1 Ne5 17. Be3 Bxe2 18. Nxe2 Rxd1 19. Rxd1 Rd8 20. Rxd8+ Bxd8 21. Nc3 Nfd7 22. Kf2 Bf6 23. Nb5 Nc6 24. Bc1 a6 25. Nc7 Ncb8 26. f4 Bd4+ 27. Ke2 b5 28. f5 e5 29. Kd3 Kf8 30. g4 Nb6 31. Be3 Bxe3 32. Kxe3 Ke7 33. g5 Kd6 34. Ne8+ Ke7 35. Nxg7 Nc6 36. f6+ Kf8 37. Nf5 Na4 38. Kd3 Nb6 39. h4 Nd8 40. Kc3 Na4+ 41. Kc2 Nb6 42. Bb3 Kg8 43. Kd3 Kf8 44. Ke3 Ne6 45. Bxe6 fxe6 46. Nd6 Na4 47. Kd3 Nb6 48. h5 Na8 49. g6 1-0